Top 25 Trading Partners - United States of America - Statistics

General Stats
  • This quiz has been taken 94 times
  • The average score is 45 of 50
Answer Stats
Hint Answer % Correct
1st Place: 299,744 Canada
100%
3rd Place: 325,683 Canada
100%
5th Place: 66,293 United Kingdom
100%
7th Place: 61,748 United Kingdom
100%
3rd Place: 120,147 China
99%
1st Place: 563,203 China
99%
2nd Place: 265,434 Mexico
99%
2nd Place: 349,195 Mexico
99%
6th Place: 57,332 Germany
96%
5th Place: 128,345 Germany
96%
11th Place: 33,502 India
96%
9th Place: 56,443 India
96%
15th Place: 22,794 Italy
95%
10th Place: 56,256 Italy
95%
4th Place: 75,226 Japan
95%
4th Place: 145,902 Japan
95%
22nd Place: 21,595 Russia
95%
7th Place: 56,504 South Korea
95%
6th Place: 76,200 South Korea
95%
9th Place: 39,559 Brazil
94%
16th Place: 32,286 Brazil
94%
10th Place: 37,649 France
92%
11th Place: 53,621 France
92%
8th Place: 48,689 Netherlands
92%
18th Place: 25,276 Netherlands
92%
22nd Place: 13,085 Spain
92%
24th Place: 17,808 Spain
92%
21st Place: 21,831 Indonesia
90%
14th Place: 25,307 Australia
89%
13th Place: 31,426 Belgium
88%
23rd Place: 17,877 Belgium
88%
12th Place: 51,277 Vietnam
88%
19th Place: 15,158 Colombia
86%
25th Place: 14,309 Colombia
86%
21st Place: 13,601 Saudi Arabia
86%
19th Place: 24,615 Saudi Arabia
86%
23rd Place: 13,011 Malaysia
84%
14th Place: 40,131 Malaysia
84%
16th Place: 22,187 Switzerland
84%
13th Place: 41,674 Switzerland
84%
18th Place: 15,376 Chile
83%
25th Place: 10,724 Ireland
83%
8th Place: 57,679 Ireland
83%
24th Place: 12,447 Thailand
82%
15th Place: 33,026 Thailand
82%
17th Place: 19,510 United Arab Emirates
82%
20th Place: 13,707 Israel
77%
20th Place: 22,178 Israel
77%
12th Place: 32,729 Singapore
77%
17th Place: 26,879 Singapore
77%
No matching quizzes found
Score Distribution
Percent of People with Each Score
Percentile by Number Answered
Your Score History
You have not taken this quiz